Classifica ATP 2018 - Statistics

Statistiche generali
  • Questo quiz è stato fatto 7 volte
  • Il punteggio medio è 8 su 15
Statistiche sulle risposte
Nazione Punteggio Tennista % Corretto
Serbia 9045 Novak Djokovic
100%
Spagna 7490 Rafael Nadal
100%
Svizzera 6420 Roger Federer
100%
Germania 6385 Alexander Zverev
86%
Giappone 3590 Kei Nishikori
71%
Croazia 4250 Marin Cilic
71%
Austria 4035 Dominic Thiem
57%
Italia 2315 Fabio Fognini
57%
Stati Uniti 3155 John Isner
43%
Argentina 5300 Juan Martin Del Potro
43%
Sydafrica 4710 Kevin Anderson
43%
Croazia 2480 Borna Coric
29%
Russia 2835 Karen Khachanov
14%
Regno Unito 2150 Kyle Edmund
0%
Grecia 2038 Stefano Tsitsipas
0%
Nessun quiz corrispondente trovato
Distribuzione punteggi
Percentuale di utenti per punteggio
Percentile per numero di risposta
I tuoi punteggi nel tempo
Non hai fatto questo quiz